000 00312nam a22001337a 4500
008 181015b xxu||||| |||| 00| 0 eng d
020 _a0807105597
041 _aeng
080 _a316
100 _a50
101 _aSOC
245 _aSocial Realtions In Our Southern States
_cHundley.d
942 _2udc
_cBK
999 _c49685
_d49685